| 000 | 00617nam a2200169 4500 | ||
|---|---|---|---|
| 001 | 122938 | ||
| 003 | ES-MaACL | ||
| 005 | 20230906192054.0 | ||
| 007 | t| | ||
| 008 | 070214s1931 sp r ||||0| spa d | ||
| 245 | 0 | 0 |
_aProntuario de la Jurisprudencia Civil española _b: ordenación de las sentencias del Tribunal Supremo desde 1882 a 1931 con sujeción al articulado de las leyes / _cpor Antonio Laguna Serrano. |
| 250 | _a1ª ed. | ||
| 260 |
_aMadrid : _b[s. n.], _c1931 ( _fTip. Yagües) |
||
| 300 |
_aXI, 1830 p ; _c18 cm. |
||
| 700 | 1 |
_aLaguna Serrano, Antonio. _969629 |
|
| 852 |
_aES-MaACL _jC-3996 _bR.23672 |
||
| 999 |
_c122938 _d122938 |
||